| 000 | 00380nam a2200133Ia 4500 | ||
|---|---|---|---|
| 008 | 150509s9999 xx 000 0 und d | ||
| 020 | _a0 900 36286 3 | ||
| 082 | _a950 4205 FAR. | ||
| 245 | 4 | _aThe far East and Australasia 1975-76 | |
| 260 | _aLondon: | ||
| 260 | _bEuropa Publications | ||
| 300 | _axxiv.,ill.;1349p.:24cm | ||
| 500 | _aincludes bibliographical references and index | ||
| 999 |
_c9412 _d9412 |
||